Spongebob Charaktere - Statistiken

Allgemein
  • Dieses Quiz wurde 1.746 mal gespielt
  • Das Durchschnittsergebnis liegt bei 8 aus 12
Antwortstatistiken
Bildquiz Antwort % Korrekt
Spongebob Schwammkopf
98%
Patrick Star
97%
Plankton
87%
Blaubarschbube
72%
Mrs. Puff
72%
Meerjungfraumann
71%
Thaddäus Tentakel
71%
Fliegender Holländer
69%
Eugene Krabs
57%
Siegbert Schnösel
33%
Fred die Flunder
22%
Larry von Lobster
14%
Keine übereinstimmenden Quizze gefunden
Verteilung der Resultate
Anzahl Personen mit jedem Resultat
Perzentil nach korrekt beantworteten Fragen
Ihre Resultats-Entwicklung
Sie haben dieses Quiz noch nicht gespielt